000
00332nam a2200133Ia 4500
005
20251222141824.0
008
251222s9999||||xx |||||||||||||| ||spa||
020
_a
987-1305-04-4
082
_a
025.171.4/T11
100
_a
Taboada Cardoso, Federico
245
0
_a
Archivística y normalización:
264
_b
Alfagrama
942
_c
LIB
999
_c
6898
_d
6898